LIBRARY & INFORMATION CENTRE, KCAET, TAVANUR

ONLINE PUBLIC ACCESS CATALOGUE (OPAC)

Composite ancillary chemistry / (Record no. 10548)

MARC details
000 -LEADER
fixed length control field 00462cam a2200181ua 4500
041 ## - LANGUAGE CODE
Language code of text/sound track or separate title eng
082 ## - DEWEY DECIMAL CLASSIFICATION NUMBER
Classification number 540
Item number LAK/CO
100 ## - MAIN ENTRY--AUTHOR NAME
Personal name Lakshminarasimhan, S .
245 ## - TITLE STATEMENT
Title Composite ancillary chemistry /
260 ## - PUBLICATION, DISTRIBUTION, ETC. (IMPRINT)
Place of publication Madras :
Name of publisher Central Art press ,
Year of publication 1962.
300 ## - PHYSICAL DESCRIPTION
Number of Pages 392 :
Other physical details 506 ; .
942 ## - ADDED ENTRY ELEMENTS (KOHA)
Koha item type Books
Holdings
Withdrawn status Lost status Damaged status Home library Current library Date acquired Cost, normal purchase price Full call number Accession Number Koha item type
Withdrawn     KAUAET KAUAET 07/04/2012 8.00 540 LAK/CO 7243 Books
Withdrawn     KAUAET KAUAET 07/04/2012 8.00 540 LAK/CO 7398 Books
free website counter